[Event "XIX Najdorf Memorial 2019"]
[Site "Warsaw"]
[Date "2019.07.11"]
[Round "6.15"]
[White "Zylka, Stanislaw"]
[Black "Barski, Radoslaw"]
[Result "0-1"]
[WhiteElo "2308"]
[BlackElo "2468"]
[Annotator "TA"]
[PlyCount "130"]
[EventDate "2019.07.06"]
[EventType "swiss"]
[EventCountry "POL"]
[SourceTitle "playchess.com"]
[Source "ChessBase"]
[SourceQuality "1"]

{[%evp 18,130,28,23,21,13,21,21,21,21,26,23,29,21,29,29,38,17,36,25,25,22,36,27,34,35,48,-64,-54,-45,-53,-61,-66,-120,-127,-189,-218,-247,-205,-195,-125,-131,-134,-131,-126,-122,-120,-99,-106,-109,-39,-79,-68,-127,-44,-127,-122,-103,-72,-108,0,0,39,0,38,38,45,41,47,34,30,28,11,15,18,0,0,0,0,0,0,0,0,0,0,0,0,0,0,0,0,0,0,0,0,-15,-8,-8,-8,-8,-8,-8,-8,-8,-8,-29974,-29974,-29983,-29984,-29984,-29985,-29985,-29986,-29986,-29987]} 1. e4 e5 2. Nf3 Nc6 3. Bb5 a6 4. Ba4 Nf6 5. O-O Be7 6. Re1 b5 7. Bb3 d6 8. a4 Bd7 9. c3 O-O 10. d4 h6 {C90: Closed Ruy Lopez with 7...d6: Early deviations} 11. Nbd2 Re8 12. Nf1 Bf8 {The position is equal.} 13. Ng3 Na5 14. Bc2 c5 15. d5 (15. h3 Qc7 16. d5 c4 17. Nh4 g6 18. Be3 Nb7 19. Qd2 Kh7 20. Rf1 Qd8 21. axb5 axb5 22. Rxa8 Qxa8 23. f4 Bg7 {1-0 (43) Caruana,F (2828)-Hansen,E (2615) chess.com INT 2019}) 15... c4 16. h3 g6 17. Nh2 $146 ({Predecessor:} 17. Be3 Nb7 18. Qd2 {1-0 (54) Wieczorek,O (2469)-Sadzikowski,D (2576) Krakow 2018}) 17... h5 18. Bg5 Be7 19. Qd2 Nh7 20. Be3 Nb7 21. Ra3 Nc5 22. a5 (22. Bxc5 $14 dxc5 23. Nf3) 22... Bg5 $15 23. Nf3 {[%cal Rf3g5]} Bxe3 24. Rxe3 h4 25. Ne2 (25. Nf1 $15) 25... f5 $17 26. exf5 (26. Nc1 $17) 26... gxf5 $19 ({Much less strong is} 26... Bxf5 27. Ra1 $17) 27. Nc1 Qf6 {And now ...e4 would win.} 28. b4 {[#]} cxb3 ({Black should try} 28... Nd3 $1 $19 {[%mdl 512]} 29. Bxd3 (29. Nxd3 cxd3) 29... cxd3 30. Nxd3 e4 {[%mdl 64] Double Attack} 31. Nxh4 Qxh4 32. Rg3+ Kf7) 29. Nxb3 $17 Rac8 30. Nxc5 Rxc5 31. Rb3 Kh8 32. Rb4 e4 33. Nd4 Rxd5 (33... Qg5 $1 $17 34. f3 Nf6 35. fxe4 Nxd5 36. exd5 Qxe3+ 37. Qxe3 Rxe3 38. Bxf5 Bxf5 39. Nxf5 Rexc3 40. Rxh4+ Kg8 41. Rg4+ Kf8) 34. f3 {[%cal Rf3e4]} Rde5 35. Rb1 (35. f4 $15 Rc5 36. Rb1) 35... Qh6 (35... Qg5 $17 36. Qf2 Qh6) 36. Qf2 (36. Rf1 $1 $15) 36... Nf6 37. fxe4 fxe4 {aiming for ...Nd5.} ({But not} 37... Nxe4 $6 38. Bxe4 fxe4 39. Rf1 $11) 38. Rf1 Nh5 (38... Nd5 $17 39. Ree1 Nxc3) 39. Bd1 $11 Ng7 40. Qf4 Qxf4 (40... Kh7 {seems wilder.} 41. Qxh6+ Kxh6 42. Rf6+ Kg5 43. Rxd6 Nf5) 41. Rxf4 Nf5 42. Nxf5 Bxf5 43. Rxh4+ Bh7 44. Rh6 R8e6 45. Rxe6 Rxe6 {[%mdl 4096] Endgame KRB-KRB} 46. Bg4 Rf6 47. Bc8 d5 48. Bb7 Rd6 $1 49. Re1 Kg7 50. Rd1 Bg8 51. Rf1 Rd7 52. Bxa6 Ra7 53. Bxb5 {Hoping for a6.} Rxa5 54. Rb1 Ra2 55. Re1 Kf6 56. Re3 Ke5 57. Be2 d4 58. cxd4+ Kxd4 59. Kf2 Be6 60. g4 $1 Rd2 61. Rg3 $2 {[%mdl 8192]} (61. g5 $11) 61... Bc4 {Black mates.} 62. Re3 {[#]} Bxe2 $1 {[%mdl 64] Overworked Piece} 63. Rxe2 {[#]} Kd3 $1 64. Rxd2+ Kxd2 65. g5 e3+ {Accuracy: White = 53%, Black = 72%.} 0-1

[Event "XIX Najdorf Memorial 2019"]
[Site "Warsaw"]
[Date "2019.07.11"]
[Round "6.15"]
[White "Fiedorek, Michal"]
[Black "Krishna Teja, N."]
[Result "1/2-1/2"]
[WhiteElo "2241"]
[BlackElo "2368"]
[Annotator "NA"]
[PlyCount "99"]
[EventDate "2019.07.06"]
[EventType "swiss"]
[EventCountry "POL"]
[SourceTitle "playchess.com"]
[Source "ChessBase"]
[SourceQuality "1"]
[TimeControl "40/5400+30:1800+30"]

1. e4 c6 2. d4 d5 3. Nc3 dxe4 4. Nxe4 Bf5 5. Ng3 Bg6 6. h4 h6 7. Nf3 Nd7 8. h5 Bh7 9. Bd3 Bxd3 10. Qxd3 e6 11. Bd2 Ngf6 12. O-O-O Be7 13. Kb1 O-O 14. Ne4 Nxe4 15. Qxe4 Nf6 16. Qe2 Qd5 17. Ne5 Qe4 18. Qxe4 Nxe4 19. Be1 Rfd8 20. f3 Nf6 21. Bh4 Rd5 22. c4 Rd6 23. Rd3 Rad8 24. Rhd1 Kf8 25. g4 Nd7 26. Bxe7+ Kxe7 27. Kc2 b6 28. b4 Ke8 29. R3d2 f6 30. c5 Nxe5 31. cxd6 Nxf3 32. Rd3 Ng5 33. Ra3 Ra8 34. Rc3 Kd7 35. b5 Rc8 36. Kd3 Nf7 37. Ra3 a5 38. bxa6 Nxd6 39. Rb3 Kc7 40. Rdb1 b5 41. a4 Kb6 42. axb5 Nxb5 43. Ra3 Ka7 44. Ra4 Rd8 45. Rc1 Rd6 46. Ke3 Kb6 47. Rb1 Ka7 48. Rc1 Kb6 49. Rb1 Ka7 50. Rc1 1/2-1/2

[Event "XIX Najdorf Memorial 2019"]
[Site "Warsaw"]
[Date "2019.07.11"]
[Round "6.16"]
[White "Akesson, Ralf"]
[Black "Czopor, Maciej"]
[Result "1/2-1/2"]
[WhiteElo "2365"]
[BlackElo "2250"]
[Annotator "NA"]
[PlyCount "78"]
[EventDate "2019.07.06"]
[EventType "swiss"]
[EventCountry "POL"]
[SourceTitle "playchess.com"]
[Source "ChessBase"]
[SourceQuality "1"]
[TimeControl "40/5400+30:1800+30"]

1. Nf3 {[%emt 0:00:00]} Nf6 {[%emt 0:00:00]} 2. c4 {[%emt 0:00:00]} b6 {[%emt 0:00:22]} 3. d4 {[%emt 0:01:06]} Bb7 {[%emt 0:00:21]} 4. g3 {[%emt 0:00:43]} c5 {[%emt 0:00:26]} 5. d5 {[%emt 0:01:57]} b5 {[%emt 0:00:19]} 6. Bg2 {[%emt 0:00:47]} d6 {[%emt 0:02:29]} 7. O-O {[%emt 0:00:44]} bxc4 {[%emt 0:01:19]} 8. Nc3 {[%emt 0:00:36]} g6 {[%emt 0:00:15]} 9. Nd2 {[%emt 0:06:55]} Bg7 {[%emt 0:00:39]} 10. Nxc4 {[%emt 0:00:10]} O-O {[%emt 0:01:19]} 11. Re1 {[%emt 0:01:37]} Nbd7 {[%emt 0:02:16]} 12. e4 {[%emt 0:00:53]} Ba6 {[%emt 0:07:29]} 13. Bf1 {[%emt 0:12:46]} Bxc4 {[%emt 0:23:39]} 14. Bxc4 {[%emt 0:00:12]} Rb8 {[%emt 0:00:06]} 15. Qc2 {[%emt 0:04:14]} Qc7 {[%emt 0:03:01]} 16. Bd2 {[%emt 0:03:43]} Ne5 {[%emt 0:06:13]} 17. Be2 {[%emt 0:00:21]} c4 {[%emt 0:00:22]} 18. Rab1 {[%emt 0:03:30]} Rfc8 {[%emt 0:07:17]} 19. Kg2 {[%emt 0:08:24]} Qb6 {[%emt 0:11:53]} 20. h3 {[%emt 0:05:15]} Qa6 {[%emt 0:04:17]} 21. Red1 {[%emt 0:07:36]} Nd3 {[%emt 0:04:40]} 22. Be3 {[%emt 0:05:06]} Nd7 {[%emt 0:04:22]} 23. a3 {[%emt 0:15:41]} N7c5 {[%emt 0:04:34]} 24. f3 {[%emt 0:02:57]} Qa5 {[%emt 0:11:56]} 25. Bxc5 {[%emt 0:03:11]} Rxc5 {[%emt 0:00:47]} 26. Bxd3 {[%emt 0:01:03]} cxd3 {[%emt 0:00:02]} 27. Rxd3 {[%emt 0:00:34]} Bxc3 {[%emt 0:00:36]} 28. bxc3 {[%emt 0:06:28]} Rxb1 {[%emt 0:00:02]} 29. Qxb1 {[%emt 0:00:04]} Qxa3 {[%emt 0:00:20]} 30. e5 {[%emt 0:00:15]} Rxc3 {[%emt 0:02:07]} 31. Rxc3 {[%emt 0:00:25]} Qxc3 {[%emt 0:00:02]} 32. exd6 {[%emt 0:00:21]} Qd2+ {[%emt 0:01:46]} 33. Kh1 {[%emt 0:04:52]} exd6 {[%emt 0:00:42]} 34. Qb8+ {[%emt 0:00:15]} Kg7 {[%emt 0:00:05]} 35. Qxd6 {[%emt 0:00:05]} Qe1+ {[%emt 0:00:21]} 36. Kg2 {[%emt 0:00:08]} Qe2+ {[%emt 0:00:07]} 37. Kg1 {[%emt 0:00:04]} Qe1+ {[%emt 0:00:42]} 38. Kg2 {[%emt 0:00:06]} Qe2+ {[%emt 0:00:14]} 39. Kg1 {[%emt 0:00:05]} Qe1+ {[%emt 0:01:28]} 1/2-1/2

[Event "XIX Najdorf Memorial 2019"]
[Site "Warsaw"]
[Date "2019.07.11"]
[Round "6.17"]
[White "Jaskolka, Tomasz"]
[Black "Malek, Daniel"]
[Result "1-0"]
[WhiteElo "2236"]
[BlackElo "2362"]
[Annotator "NA"]
[PlyCount "55"]
[EventDate "2019.07.06"]
[EventType "swiss"]
[EventCountry "POL"]
[SourceTitle "playchess.com"]
[Source "ChessBase"]
[SourceQuality "1"]
[TimeControl "40/5400+30:1800+30"]

1. d4 {[%emt 0:00:00]} Nf6 {[%emt 0:00:00]} 2. Bf4 {[%emt 0:00:00]} c5 {[%emt 0:00:00]} 3. e3 {[%emt 0:00:19]} Qb6 {[%emt 0:00:00]} 4. Nc3 {[%emt 0:01:48]} a6 {[%emt 0:00:32]} 5. dxc5 {[%emt 0:13:02]} Qxc5 {[%emt 0:17:34]} 6. Qd4 {[%emt 0:08:40]} Qa5 {[%emt 0:06:52]} 7. b4 {[%emt 0:15:46]} Qd8 {[%emt 0:02:00]} 8. b5 {[%emt 0:14:29]} d6 {[%emt 0:00:27]} 9. Bg5 {[%emt 0:00:27]} e6 {[%emt 0:09:54]} 10. bxa6 {[%emt 0:10:23]} bxa6 {[%emt 0:01:02]} 11. Bxf6 {[%emt 0:10:53]} Qxf6 {[%emt 0:00:47]} 12. Ne4 {[%emt 0:05:52]} Qxd4 {[%emt 0:01:06]} 13. exd4 {[%emt 0:00:03]} Be7 {[%emt 0:06:41]} 14. Rb1 {[%emt 0:00:34]} Nc6 {[%emt 0:01:13]} 15. Nf3 {[%emt 0:01:53]} d5 {[%emt 0:13:23]} 16. Ned2 {[%emt 0:06:09]} Bb4 {[%emt 0:02:55]} 17. Rb3 {[%emt 0:00:47]} a5 {[%emt 0:00:32]} 18. c3 {[%emt 0:00:43]} Be7 {[%emt 0:02:48]} 19. Rb6 {[%emt 0:00:09]} Bd7 {[%emt 0:00:34]} 20. Bb5 {[%emt 0:00:36]} Nb8 {[%emt 0:00:38]} 21. Ne5 {[%emt 0:00:35]} Bxb5 {[%emt 0:00:27]} 22. Rxb5 {[%emt 0:00:03]} f6 {[%emt 0:00:31]} 23. Nd3 {[%emt 0:00:24]} Kf7 {[%emt 0:00:41]} 24. Ke2 {[%emt 0:00:16]} Nc6 {[%emt 0:04:14]} 25. Rb6 {[%emt 0:00:06]} Rhc8 {[%emt 0:00:24]} 26. a4 {[%emt 0:05:30]} Rab8 {[%emt 0:00:49]} 27. Rhb1 {[%emt 0:00:20]} Bd8 {[%emt 0:00:43]} 28. Rxc6 {[%emt 0:00:14]} 1-0

[Event "XIX Najdorf Memorial 2019"]
[Site "Warsaw"]
[Date "2019.07.11"]
[Round "6.18"]
[White "Krstulovic, Alex"]
[Black "Sowul, Bartosz"]
[Result "1-0"]
[WhiteElo "2360"]
[BlackElo "2210"]
[Annotator "NA"]
[PlyCount "65"]
[EventDate "2019.07.06"]
[EventType "swiss"]
[EventCountry "POL"]
[SourceTitle "playchess.com"]
[Source "ChessBase"]
[SourceQuality "1"]
[TimeControl "40/5400+30:1800+30"]

1. d4 Nf6 2. c4 c5 3. d5 b5 4. cxb5 a6 5. bxa6 g6 6. Nc3 Bg7 7. e4 $14 O-O 8. e5 Ne8 9. h4 Bxe5 10. Bh6 Ng7 11. Nf3 Bf6 12. h5 d6 13. Qd2 Qb6 14. Ng5 Nxa6 15. Rc1 Bf5 16. hxg6 fxg6 17. f3 Nb4 18. a3 Nc2+ 19. Rxc2 Bxc2 20. Qxc2 Rfb8 21. Bxg7 Bxg5 22. Ne4 c4 23. Nxg5 Qe3+ 24. Qe2 Qxg5 25. Bc3 h5 26. Kf2 Rf8 27. Qe6+ Kh7 28. Bxc4 Rf4 29. Rxh5+ Qxh5 30. Qxe7+ Kh6 31. Bg7+ Kh7 32. Bf6+ Kg8 33. Qg7# 1-0

[Event "XIX Najdorf Memorial 2019"]
[Site "Warsaw"]
[Date "2019.07.11"]
[Round "6.19"]
[White "Deszczynski, Adam"]
[Black "Kopylov, Daniel"]
[Result "0-1"]
[WhiteElo "2304"]
[BlackElo "2209"]
[Annotator "NA"]
[PlyCount "100"]
[EventDate "2019.07.06"]
[EventType "swiss"]
[EventCountry "POL"]
[SourceTitle "playchess.com"]
[Source "ChessBase"]
[SourceQuality "1"]
[TimeControl "40/5400+30:1800+30"]

1. e4 c5 2. Nf3 d6 3. d4 cxd4 4. Nxd4 Nf6 5. Nc3 Nc6 6. Bg5 e6 7. Qd2 a6 8. O-O-O Bd7 9. f3 Be7 10. Kb1 Qc7 11. h4 h6 12. Be3 h5 13. Bg5 Nxd4 14. Qxd4 b5 15. Qd2 b4 16. Ne2 a5 17. Nd4 Rb8 18. Bd3 a4 19. Rhe1 e5 20. Ne2 Be6 21. Ng3 a3 22. b3 g6 23. Nf1 Nd7 24. Bxe7 Kxe7 25. Ne3 Qc5 26. Bc4 Rhd8 27. Bxe6 fxe6 28. Nc4 Nf6 29. Qe3 Rbc8 30. Qxc5 Rxc5 31. Rd2 Ne8 32. Red1 Rdc8 33. Rd3 R8c6 34. R1d2 Ra6 35. Kc1 Rcc6 36. Kd1 Nc7 37. c3 bxc3 38. Rc2 Nb5 39. Ne3 Ra8 40. Kc1 Nd4 41. Rcxc3 Ne2+ 42. Kd2 Nxc3 43. Rxc3 Rxc3 44. Kxc3 Rc8+ 45. Kb4 Rc1 46. Kxa3 Re1 47. Nc4 Re2 48. b4 Rxg2 49. b5 Kd7 50. Kb3 g5 0-1

[Event "XIX Najdorf Memorial 2019"]
[Site "Warsaw"]
[Date "2019.07.11"]
[Round "6.20"]
[White "Malovanyi, Yulian"]
[Black "Marczuk, Dominik"]
[Result "0-1"]
[WhiteElo "2204"]
[BlackElo "2300"]
[Annotator "RC"]
[PlyCount "138"]
[EventDate "2019.07.06"]
[EventType "swiss"]
[EventCountry "POL"]
[TimeControl "40/5400+30:1800+30"]

1. e4 c6 2. d4 d5 3. e5 c5 4. dxc5 Nc6 5. Nf3 Bg4 6. Bb5 Qa5+ 7. Nc3 e6 8. a3 Bxc5 9. O-O Qc7 10. Re1 a6 11. Bxc6+ Qxc6 12. Be3 Bxe3 13. Rxe3 Ne7 14. Ne2 Bxf3 15. Rxf3 Qc7 16. Rb3 Qxe5 17. Rxb7 Nf5 18. c4 O-O 19. cxd5 exd5 20. Ng3 Nd6 21. Rb4 Rfd8 22. Qd4 Qxd4 23. Rxd4 Nc4 24. b3 Na5 25. Rad1 Nxb3 26. Rxd5 Rxd5 27. Rxd5 g6 28. f3 Rc8 29. Rd3 Nc1 30. Rd5 Nb3 31. Rd3 Rc1+ 32. Nf1 Nc5 33. Rd5 Kg7 34. Kf2 Kf6 35. Ne3 Ke6 36. Rd4 Rc3 37. Nc4 Ke7 38. Nb6 Rxa3 39. Nc8+ Kf6 40. Rd6+ Ke5 41. Rc6 Nd3+ 42. Kg3 a5 43. Rc7 Ke6 44. Nb6 Ra2 45. Rc6+ Ke5 46. Rc7 Kf6 47. Rc6+ Kg7 48. Nd5 a4 49. Rc3 Ne1 50. Ne3 Rb2 51. Ra3 Rb3 52. Rxb3 axb3 53. Nc4 Nd3 54. f4 b2 55. Nd2 Kf6 56. Kf3 Ne1+ 57. Kf2 Nc2 58. Nb1 Kf5 59. g3 Ke4 60. Ke2 Nd4+ 61. Kd2 Nf3+ 62. Kc3 Nxh2 63. Kxb2 Kf3 64. Nc3 Kxg3 65. Nd5 h5 66. Kc2 h4 67. Kd2 h3 68. Ke2 Ng4 69. f5 h2 0-1

[Event "XIX Najdorf Memorial 2019"]
[Site "Warsaw"]
[Date "2019.07.11"]
[Round "6.21"]
[White "Miroshnichenko, Pavel"]
[Black "Sanz Wawer, Daniel"]
[Result "1/2-1/2"]
[WhiteElo "2300"]
[BlackElo "2154"]
[Annotator "TA"]
[PlyCount "37"]
[EventDate "2019.07.06"]
[EventType "swiss"]
[EventCountry "POL"]
[SourceTitle "playchess.com"]
[Source "ChessBase"]
[SourceQuality "1"]

{[%evp 20,21,0,0]} 1. Nf3 Nf6 2. c4 b6 3. d4 Bb7 4. Nc3 e6 5. a3 d5 6. cxd5 exd5 7. Bg5 Nbd7 8. e3 Be7 9. Rc1 O-O 10. Bd3 c5 11. O-O {Predecessor:} c4 $146 12. Bb1 a6 13. Ne5 b5 14. Qf3 Re8 15. Qh3 Nf8 16. f4 Ne4 17. Nxe4 dxe4 18. Bxe7 Qxe7 19. f5 {0-1 (57) Indjic,A (2547)-Morozevich,A (2683) Kazan 2016} 1/2-1/2

[Event "XIX Najdorf Memorial 2019"]
[Site "Warsaw"]
[Date "2019.07.11"]
[Round "6.22"]
[White "Wisniewski, Michal"]
[Black "Bednarek, Sylwester"]
[Result "0-1"]
[WhiteElo "2103"]
[BlackElo "2291"]
[Annotator "NA"]
[PlyCount "106"]
[EventDate "2019.07.06"]
[EventType "swiss"]
[EventCountry "POL"]
[SourceTitle "playchess.com"]
[Source "ChessBase"]
[SourceQuality "1"]
[TimeControl "40/5400+30:1800+30"]

1. Nf3 f5 2. d3 Nf6 3. e4 d6 4. exf5 Bxf5 5. d4 Nc6 6. Bb5 a6 7. Ba4 b5 8. Bb3 Na5 9. c3 Nxb3 10. Qxb3 Qd7 11. O-O Bd3 12. Re1 Qf5 13. Nbd2 Bc2 14. Qa3 g5 15. c4 g4 16. Nh4 Qd3 17. Qxd3 Bxd3 18. cxb5 axb5 19. Re3 Bg6 20. Nxg6 hxg6 21. Ne4 Kd7 22. Nxf6+ exf6 23. d5 Rh5 24. Rd3 Bg7 25. h3 Rah8 26. Kh2 gxh3 27. gxh3 Rf5 28. Kg2 Rhh5 29. Rg3 g5 30. Rd3 Rh4 31. Be3 g4 32. hxg4 Rxg4+ 33. Kf1 Rh5 34. Ke2 f5 35. Rad1 Ra4 36. Rb3 Rxa2 37. Bd4 Bxd4 38. Rxd4 Ra5 39. Rg3 Kc8 40. Rg7 Ra4 41. Rd2 Rh3 42. Rf7 Re4+ 43. Kd1 Rf3 44. b3 Rxb3 45. Rxf5 Rc3 46. Rf7 b4 47. f4 b3 48. f5 Rb4 49. Rb2 Rd4+ 50. Ke1 Rc1+ 51. Ke2 Rc2+ 52. Ke3 Rxb2 53. Kxd4 Rd2+ 0-1

[Event "XIX Najdorf Memorial 2019"]
[Site "Warsaw"]
[Date "2019.07.11"]
[Round "6.23"]
[White "Bebel, Arkadiusz"]
[Black "Martynyuk, Elizaveta"]
[Result "1-0"]
[WhiteElo "2290"]
[BlackElo "2125"]
[Annotator "NA"]
[PlyCount "123"]
[EventDate "2019.07.06"]
[EventType "swiss"]
[EventCountry "POL"]
[SourceTitle "playchess.com"]
[Source "ChessBase"]
[SourceQuality "1"]
[TimeControl "40/5400+30:1800+30"]

1. e4 {[%emt 0:00:00]} c5 {[%emt 0:06:33]} 2. c3 {[%emt 0:00:00]} Nf6 {[%emt 0:00:19]} 3. e5 {[%emt 0:00:08]} Nd5 {[%emt 0:00:38]} 4. Nf3 {[%emt 0:00:11]} Nc6 {[%emt 0:00:03]} 5. Bc4 {[%emt 0:00:10]} Nb6 {[%emt 0:00:09]} 6. Bb3 {[%emt 0:00:12]} c4 {[%emt 0:00:54]} 7. Bc2 {[%emt 0:00:07]} d6 {[%emt 0:00:09]} 8. exd6 {[%emt 0:02:01]} e5 {[%emt 0:00:52]} 9. O-O {[%emt 0:03:27]} Be6 {[%emt 0:01:09]} 10. Qe2 {[%emt 0:07:29]} Bxd6 {[%emt 0:00:42]} 11. b3 {[%emt 0:00:17]} cxb3 {[%emt 0:10:38]} 12. axb3 {[%emt 0:00:11]} O-O {[%emt 0:00:11]} 13. d4 {[%emt 0:07:32]} Bg4 {[%emt 0:05:45]} 14. d5 {[%emt 0:06:46]} Nxd5 {[%emt 0:07:14]} 15. Rd1 {[%emt 0:03:40]} Nxc3 {[%emt 0:11:17]} 16. Nxc3 {[%emt 0:00:54]} Nd4 {[%emt 0:00:10]} 17. Rxd4 {[%emt 0:07:32]} exd4 {[%emt 0:00:04]} 18. Qd3 {[%emt 0:02:25]} g6 {[%emt 0:06:50]} 19. Ne4 {[%emt 0:00:14]} Bf5 {[%emt 0:05:20]} 20. Bg5 {[%emt 0:16:53]} Qb6 {[%emt 0:05:33]} 21. Qd2 {[%emt 0:09:57]} Bb4 {[%emt 0:02:09]} 22. Qxd4 {[%emt 0:05:19]} Qxd4 {[%emt 0:01:50]} 23. Nxd4 {[%emt 0:00:06]} Bxe4 {[%emt 0:00:22]} 24. Bxe4 {[%emt 0:00:02]} Rfe8 {[%emt 0:00:43]} 25. Bxb7 {[%emt 0:09:02]} Rab8 {[%emt 0:01:34]} 26. Ba6 {[%emt 0:00:53]} Rb6 {[%emt 0:07:30]} 27. Bf1 {[%emt 0:01:42]} Bc3 {[%emt 0:10:22]} 28. Ra4 {[%emt 0:00:01]} a5 {[%emt 0:04:41]} 29. Be3 {[%emt 0:02:22]} Rb4 {[%emt 0:01:47]} 30. Rxb4 {[%emt 0:00:28]} axb4 {[%emt 0:00:03]} 31. g3 {[%emt 0:00:52]} Rd8 {[%emt 0:01:26]} 32. Nf3 {[%emt 0:00:42]} Kg7 {[%emt 0:00:42]} 33. Bc4 {[%emt 0:00:59]} h6 {[%emt 0:01:07]} 34. Kf1 {[%emt 0:00:14]} g5 {[%emt 0:00:35]} 35. g4 {[%emt 0:00:54]} f6 {[%emt 0:02:45]} 36. Ke2 {[%emt 0:00:23]} Kg6 {[%emt 0:00:28]} 37. Bd3+ {[%emt 0:00:51]} Kg7 {[%emt 0:00:24]} 38. h4 {[%emt 0:00:06]} Ra8 {[%emt 0:00:58]} 39. Bc4 {[%emt 0:00:41]} Ra2+ {[%emt 0:02:53]} 40. Kd3 {[%emt 0:00:00]} gxh4 {[%emt 0:00:00]} 41. Nxh4 {[%emt 0:00:46]} Be1 {[%emt 0:00:38]} 42. Nf5+ {[%emt 0:00:11]} Kg6 {[%emt 0:01:33]} 43. f3 {[%emt 0:03:58]} Rh2 {[%emt 0:00:59]} 44. Bb5 {[%emt 0:00:19]} Kh7 {[%emt 0:02:00]} 45. Be8 {[%emt 0:01:22]} Bc3 {[%emt 0:00:35]} 46. Bf7 {[%emt 0:01:21]} Be5 {[%emt 0:00:38]} 47. Bd2 {[%emt 0:01:27]} Rh3 {[%emt 0:00:47]} 48. Bd5 {[%emt 0:01:38]} h5 {[%emt 0:00:23]} 49. gxh5 {[%emt 0:00:14]} Rxh5 {[%emt 0:00:39]} 50. Be4 {[%emt 0:00:07]} Kg8 {[%emt 0:00:38]} 51. Bxb4 {[%emt 0:00:07]} Kf7 {[%emt 0:00:03]} 52. Bc5 Kg8 {[%emt 0:02:29]} 53. b4 {[%emt 0:03:01]} Kf7 {[%emt 0:00:55]} 54. Kc4 {[%emt 0:00:10]} Rh1 {[%emt 0:00:14]} 55. Kd5 {[%emt 0:01:06]} Rd1+ {[%emt 0:01:15]} 56. Kc6 {[%emt 0:00:18]} Ke6 {[%emt 0:00:26]} 57. b5 {[%emt 0:00:34]} Rd8 {[%emt 0:00:19]} 58. b6 {[%emt 0:00:32]} Rc8+ {[%emt 0:00:17]} 59. Kb5 {[%emt 0:00:19]} Kd7 {[%emt 0:00:02]} 60. Ne3 {[%emt 0:00:43]} Rh8 {[%emt 0:02:25]} 61. Bf5+ {[%emt 0:00:23]} Kd8 {[%emt 0:00:07]} 62. Kc6 {[%emt 0:00:48]} 1-0

[Event "XIX Najdorf Memorial 2019"]
[Site "Warsaw"]
[Date "2019.07.11"]
[Round "6.24"]
[White "Szustakowski, Antoni"]
[Black "Harazinska, Magdalena"]
[Result "1/2-1/2"]
[WhiteElo "2279"]
[BlackElo "2004"]
[Annotator "NA"]
[PlyCount "57"]
[EventDate "2019.07.06"]
[EventType "swiss"]
[EventCountry "POL"]
[SourceTitle "playchess.com"]
[Source "ChessBase"]
[SourceQuality "1"]
[TimeControl "40/5400+30:1800+30"]

1. d4 {[%emt 0:00:00]} d5 {[%emt 0:00:00]} 2. c4 {[%emt 0:00:00]} dxc4 {[%emt 0:00:00]} 3. Nf3 {[%emt 0:00:00]} a6 {[%emt 0:00:00]} 4. e3 {[%emt 0:00:00]} b5 {[%emt 0:01:45]} 5. a4 {[%emt 0:00:00]} Bb7 {[%emt 0:00:41]} 6. b3 {[%emt 0:00:07]} e6 {[%emt 0:01:28]} 7. bxc4 {[%emt 0:00:13]} bxc4 {[%emt 0:00:35]} 8. Bxc4 {[%emt 0:00:07]} c5 {[%emt 0:03:19]} 9. O-O {[%emt 0:00:34]} Nf6 {[%emt 0:06:31]} 10. Nbd2 {[%emt 0:00:13]} cxd4 {[%emt 0:01:07]} 11. Nxd4 {[%emt 0:00:09]} Be7 {[%emt 0:03:50]} 12. Bb2 {[%emt 0:02:00]} Nbd7 {[%emt 0:02:14]} 13. Qe2 {[%emt 0:03:55]} Nc5 {[%emt 0:04:30]} 14. Rfd1 {[%emt 0:02:29]} Qc7 {[%emt 0:05:25]} 15. N2b3 {[%emt 0:05:20]} O-O {[%emt 0:01:43]} 16. Nxc5 {[%emt 0:02:00]} Qxc5 {[%emt 0:02:19]} 17. Ba3 {[%emt 0:04:10]} Qc7 {[%emt 0:01:27]} 18. Bxe7 {[%emt 0:00:07]} Qxe7 {[%emt 0:00:03]} 19. f3 {[%emt 0:01:43]} Rfd8 {[%emt 0:02:45]} 20. Rab1 {[%emt 0:04:25]} Nd5 {[%emt 0:06:10]} 21. Bxd5 {[%emt 0:01:41]} Rxd5 {[%emt 0:02:32]} 22. Rb6 {[%emt 0:04:30]} Rd7 {[%emt 0:19:16]} 23. Rdb1 {[%emt 0:00:52]} Rc8 {[%emt 0:00:52]} 24. Qb2 {[%emt 0:05:46]} Rcc7 {[%emt 0:00:48]} 25. Rc1 {[%emt 0:03:16]} h6 {[%emt 0:03:54]} 26. Rxc7 {[%emt 0:04:40]} Rxc7 {[%emt 0:02:11]} 27. Kf1 {[%emt 0:05:21]} Bd5 {[%emt 0:05:37]} 28. Qb1 {[%emt 0:06:02]} g6 {[%emt 0:03:09]} 29. Rb8+ {[%emt 0:01:00]} 1/2-1/2